| 000 | 00395nam a2200157Ia 4500 | ||
|---|---|---|---|
| 008 | 100122s9999 xx 000 0 und d | ||
| 082 |
_b18794 _a956.94 |
||
| 100 | _aGREENLESS DUNCAN | ||
| 245 | _aTHE GOSPEL OF ISRAEL | ||
| 250 | _a0 | ||
| 260 |
_bTHEASOPHICAL PUBLISHING HOUSE _c1955 |
||
| 300 | _a384 | ||
| 630 | _aTHE GOSPEL OF ISRAEL | ||
| 730 | _aTHE GOSPEL OF ISRAEL | ||
| 942 | _cBOOK | ||
| 999 |
_c365717 _d365714 |
||